Wenn die Menschen sich andern. Was heisst das für Werbung?
Význam zmien vo vývoji rodiny z hľadiska reklamy. Záujmy v životnom cykle rodiny. Sociálna stratifikácia a psychologické charakteristiky sociálnych vrstiev v reklame. Zmeny v hodnotovej orientácii nemeckých občanov. Požiadavky spotrebiteľov v Nemecku, Francúzsku a Anglicku na reklamu. Rozdiely v kom...
Uložené v:
| Hlavný autor: | |
|---|---|
| Médium: | Kapitola |
| Jazyk: | German |
| Predmet: | |
| Tagy: |
Žiadne tagy, Buďte prvý, kto otaguje tento záznam!
|
MARC
| LEADER | 00000naa a2200000 4500 | ||
|---|---|---|---|
| 001 | r012762 | ||
| 005 | 20220826094801.6 | ||
| 041 | 0 | |a ger | |
| 044 | |a DE | ||
| 245 | 1 | 0 | |a Wenn die Menschen sich andern. |b Was heisst das für Werbung? |c A. Preissner |
| 520 | |a Význam zmien vo vývoji rodiny z hľadiska reklamy. Záujmy v životnom cykle rodiny. Sociálna stratifikácia a psychologické charakteristiky sociálnych vrstiev v reklame. Zmeny v hodnotovej orientácii nemeckých občanov. Požiadavky spotrebiteľov v Nemecku, Francúzsku a Anglicku na reklamu. Rozdiely v komunikatívnosti a inovatívnosti ľudí. Sociálno-psychologické typy osobnosti ako faktory ovplyvňujúce reklamu. | ||
| 610 | 2 | 0 | |a reklama |
| 610 | 2 | 0 | |a rodina |
| 610 | 2 | 0 | |a psychológia sociálna |
| 610 | 2 | 0 | |a osobnosť |
| 610 | 2 | 0 | |a západná Európa |
| 610 | 2 | 0 | |a Nemecko |
| 100 | 1 | |a Preissner, A. | |